[Event "Rheinland op"]
[Site "Koblenz"]
[Date "2003.04.19"]
[Round "7"]
[White "Oliva, Jan"]
[Black "Wabschke, Lothar"]
[Result "1-0"]
[WhiteElo "1669"]
[BlackElo "1799"]
[PlyCount "113"]
[EventDate "2003.04.11"]
[EventType "swiss"]
[EventRounds "7"]
[EventCountry "GER"]
[SourceTitle "EXT 2004"]
[Source "ChessBase"]
[SourceDate "2003.11.25"]
[SourceVersion "1"]
[SourceVersionDate "2003.11.25"]
[SourceQuality "1"]

1. c4 c5 2. Nc3 Nc6 3. Nf3 Nf6 4. g3 g6 5. Bg2 Bg7 6. 0-0 0-0 7. d4 d6 8. dxc5 dxc5 9. Qxd8 Rxd8 10. Be3 Nd4 11. Rfd1 Be6 12. Nxd4 cxd4 13. Rxd4 Rxd4 14. Bxd4 Bxc4 15. b3 Ba6 16. Rd1 Rd8 17. Bxa7 Rxd1+ 18. Nxd1 Bxe2 19. Nc3 Ba6 20. Nd5 Nxd5 21. Bxd5 e6 22. Bg2 Kf8 23. Bf1 Ke7 24. Bxa6 bxa6 25. Kf1 Kd6 26. Ke2 Kd5 27. Kd3 e5 28. a3 e4+ 29. Kd2 Bd4 30. Bxd4 Kxd4 31. h3 f5 32. h4 a5 33. Kc2 h6 34. Kd2 g5 35. hxg5 hxg5 36. b4 axb4 37. axb4 f4 38. gxf4 gxf4 39. b5 Kc5 40. Kc3 f3 41. Kd2 Kxb5 42. Ke3 Kc5 43. Kxe4 Kd6 44. Kxf3 Ke5 45. Kg4 Ke6 46. Kg5 Ke7 47. Kg6 Ke6 48. f4 Ke7 49. f5 Kf8 50. Kf6 Kg8 51. Ke7 Kg7 52. f6+ Kg8 53. f7+ Kg7 54. f8Q+ Kh7 55. Qf4 Kg8 56. Qg5+ Kh8 57. Kf6 1-0